Visualizzazione normale
Vista MARC
- Fields Dorothy
di Personal Name
Records bibliografici associati: 1
001 - CONTROL NUMBER
- control field: 13751
003 - CONTROL NUMBER IDENTIFIER
- control field: IT-RoPau
005 - DATE AND TIME OF LATEST TRANSACTION
- control field: 20140217145719.0
008 - FIXED-LENGTH DATA ELEMENTS
- fixed length control field: 140217|| aca||aabn | a|a d
040 ## - CATALOGING SOURCE
- Original cataloging agency: IT-RoPau
- Transcribing agency: IT-RoPau
100 ## - HEADING--PERSONAL NAME
- Personal name: Fields Dorothy
- Miscellaneous information: Codice autore musica SPICS: 15865
- Relator term: Autore musica
- Name of part/section of a work: Don't Blame me
670 ## - SOURCE DATA FOUND
- Source citation: Work cat.: (IT-RoPau)102479: AA.VV. 794, Count Basie Live 1954